ბათუმის შოთა რუსთაველის სახელმწიფო უნივერსიტეტის ბიბლიოთეკა

ფერწერა და იმაგინაცია / (ბიბ.ჩანაწერი № 60306)

000 -ლიდერი
ფიქსირებული სიგრძის საკონტროლო ველი 01046nam a22002417a 4500
003 - საკონტროლო ნომრის იდენტიფიკატორი
საკონტროლო ველი Ge_BSU
005 - ბოლო ოპერაციის თარიღი და დრო
საკონტროლო ველი 20230627165929.0
008 - ფიქსირებული სიგრძის მონაცემთა ელემენტები - ზოგადი ინფორმაცია
ფიქსირებული სიგრძის საკონტროლო ველი 230627s1997 ge ||||| |||| 00| 0 geo d
020 ## - წიგნის საერთაშორისო სტანდარტული ნომერი
International Standard Book Number 5511007471
041 ## - ენის კოდი
Language code of text/sound track or separate title geo
080 ## - უნივერსალური ათობითი კლასიფიკაციის ინდექსი
Universal Decimal Classification number 75.01 ა-64
100 ## - მთავარი ჩანაწერი - პიროვნების სახელი
Personal name ანდრიაძე, დავით
9 (RLIN) 19013
245 ## - ცნობა სათაურის შესახებ
Title ფერწერა და იმაგინაცია /
Statement of responsibility, etc დავით ანდრიაძე; რედ. მ. დოლიძე;
264 ## - წარმოების, გამოცემის, დისტრიბუციის და სხვა ცნობები
გამოცემის, წარმოების, დისტრიბუციის... ადგილი თბილისი :
გამოცემის, წარმოების, დისტრიბუციის... სახელწოდება თბილ. უნტ-ის გამ-ბა,
გამოცემის, წარმოების, დისტრიბუციის... თარიღი 1997.
300 ## - ფიზიკური აღწერა
Extent 196 გვ. ;
Other physical details 20 სმ.
500 ## - ზოგადი შენიშვნა
General note პარალ. თავფ. ინგლ. ენ.
501 ## - შენიშვნა თანმხლებ მასალაზე
With note შენიშვნები: გვ. 178-18
520 ## - SUMMARY, ETC.
Summary, etc რეზ. ინგლ. ენ.
653 ## - INDEX TERM--UNCONTROLLED
Uncontrolled term ფერწერის თეორია.
653 ## - INDEX TERM--UNCONTROLLED
Uncontrolled term კულტურის ფილოსოფია. იკონოგრაფია.
700 ## - ADDED ENTRY--PERSONAL NAME
Personal name დოლიძე, მ.
Relator term რედაქტორი
9 (RLIN) 19014
942 ## - ADDED ENTRY ELEMENTS (KOHA)
Source of classification or shelving scheme
Koha item type წიგნი
ეგზემპლარები
ჩამოწერის სტატუსი დაკარგული ეგზემპლარის სტატუსი კლასიფიკაციის წყარო ან თაროზე გაწყობის სქემა დაზიანების სტატუსი არ გაიცემა მუდმივი მდებარეობა (დაცვის ადგილი) ამჟამინდელი ადგილსამყოფელი თაროზე განთავსების ადგილი შეძენის თარიღი ღირებულება, შესყიდვის ნორმალური ფასი სრული შენახვის შიფრი შტრიხკოდი ბოლო ოპერაციის თარიღი ეგზემპლარის მიმდევრობითი ნომერი (კეტერი?) Uniform Resource Identifier ფასის ძალაში შესვლის თარიღი ეგზემპლარის სახეობა საჯარო შენიშვნა
          ბათუმის შოთა რუსთაველის სახელმწიფო უნივერსიტეტის მთავარი ბიბლიოთეკა ბათუმის შოთა რუსთაველის სახელმწიფო უნივერსიტეტის მთავარი ბიბლიოთეკა წიგნსაცავი 2023-06-27 4.00 75.01 ა-64 64815 2023-06-27 64815 ბსუ-ს საპატიო დოქტორის გურამ ლორთქიფანიძის საჩუქარი 2023-06-27 წიგნი 4 ლ.